| 000 | 00610nam a22001937a 4500 | ||
|---|---|---|---|
| 005 | 20130711152151.0 | ||
| 010 | _aENG-107956 | ||
| 020 |
_c795.00 _a9789350352601 |
||
| 035 | _aEN-91489 | ||
| 037 | _bDBAD/PUB | ||
| 100 | _aDas, P.K. | ||
| 245 | 0 | 0 |
_aUniversal's handbook on the Right to Information Act / _cby P.K.Das |
| 250 | _a4th ed | ||
| 260 |
_aDelhi _bUniversal Law Publishing Co. _c2013 |
||
| 270 |
_aC-FF-1A, Dilkhus Industrial Estate, (Near Azadpur Metro Station) G.T. Karnal Road, _bDelhi _e110033 |
||
| 300 |
_axxxiv,872p. _c24cm(pbk) |
||
| 500 | _aIncludes subject index | ||
| 942 |
_2ddc _cEN _mDAS |
||
| 999 |
_c77410 _d77410 |
||